After 46 years it's time for a change (Record no. 64310)
[ view plain ]
| 000 -LEADER | |
|---|---|
| fixed length control field | 00749cam a2200205 4500 |
| 001 - CONTROL NUMBER | |
| control field | ABS62628 |
| 008 - FIXED-LENGTH DATA ELEMENTS--GENERAL INFORMATION | |
| fixed length control field | 000000n2000 000 0 eng u |
| 035 ## - SYSTEM CONTROL NUMBER | |
| System control number | (Sirsi) u107632 |
| 100 ## - MAIN ENTRY--PERSONAL NAME | |
| Personal name | Cavanagh, E. |
| 245 ## - TITLE STATEMENT | |
| Title | After 46 years it's time for a change |
| 260 ## - PUBLICATION, DISTRIBUTION, ETC. | |
| Date of publication, distribution, etc. | 2000 |
| 490 ## - SERIES STATEMENT | |
| Series statement | Estates Gazette |
| Volume/sequential designation | (0029) 22 July 2000, 114-115(2) |
| 520 ## - SUMMARY, ETC. | |
| Summary, etc. | A recent survey into the future of the Landlord and Tenant Act 1954 by CMS Cameron McKenna, reveals that 51% of respondents would like to see the Act repealed, and not replaced. Discusses the rest of the results. Pie charts. |
| 590 ## - LOCAL NOTE (RLIN) | |
| Local note | ABS |
| 650 ## - SUBJECT ADDED ENTRY--TOPICAL TERM | |
| Topical term or geographic name entry element | LANDLORD AND TENANT ACT 1954 |
| 650 ## - SUBJECT ADDED ENTRY--TOPICAL TERM | |
| Topical term or geographic name entry element | REFORM |
| 650 ## - SUBJECT ADDED ENTRY--TOPICAL TERM | |
| Topical term or geographic name entry element | ABOLITION |
| 690 ## - LOCAL SUBJECT ADDED ENTRY--TOPICAL TERM (OCLC, RLIN) | |
| Topical term or geographic name as entry element | PROPERTY-LANDLORD AND TENANT |
| 942 ## - ADDED ENTRY ELEMENTS (KOHA) | |
| Suppress in OPAC | 0 |
| Withdrawn status | Lost status | Source of classification or shelving scheme | Damaged status | Not for loan | Home library | Current library | Shelving location | Date acquired | Total Checkouts | Full call number | Barcode | Date last seen | Copy number | Price effective from | Koha item type |
|---|---|---|---|---|---|---|---|---|---|---|---|---|---|---|---|
| Dewey Decimal Classification | London | London | Journal article | 08/08/2000 | ABS62628 | 107632-1001 | 06/08/2019 | 1 | 06/08/2019 | Journal article |